000
00361nam a2200133Ia 4500
008
231129s9999||||xx |||||||||||||| ||spa||
020
_a
84-206-9833-4
040
_b
spa
082
_a
320.5 V185h
100
_a
Vallespin Fernando
245
0
_a
Historia de la teoría política
264
_a
Alianza
942
_2
ddc
_c
BKS
999
_c
15171
_d
15171